[Event "La Roda op 44th"]
[Site "La Roda"]
[Date "2017.04.16"]
[Round "8"]
[White "Shevchenko, Kirill"]
[Black "Aymerich Rosell, Pablo"]
[Result "1-0"]
[WhiteElo "2491"]
[BlackElo "2174"]
[PlyCount "151"]
[EventDate "2017.04.12"]
[EventType "swiss"]
[EventRounds "9"]
[EventCountry "ESP"]
[SourceTitle "CBM 177 Extra"]
[Source "ChessBase"]
[SourceDate "2017.04.27"]
[SourceVersion "1"]
[SourceVersionDate "2017.04.27"]
[SourceQuality "1"]

1. e4 d5 2. exd5 Qxd5 3. Nc3 Qd6 4. d4 Nf6 5. Nf3 c6 6. g3 Bf5 7. Bg2 h6 8. 0-0 e6 9. Bf4 Qd8 10. a3 Be7 11. Qe2 0-0 12. Rfe1 Nbd7 13. Ne5 Re8 14. Rad1 Nd5 15. Nxd5 exd5 16. c4 Nf6 17. c5 Nd7 18. Qh5 Be6 19. Rd2 Nf6 20. Qd1 Nd7 21. Nf3 Nf8 22. Qb3 Qc8 23. Rde2 Ng6 24. Bd2 Rb8 25. Qa4 a6 26. Ne5 Nxe5 27. Rxe5 Bf6 28. R5e2 Qd7 29. Bf4 Rbc8 30. Be5 Bg4 31. f3 Bxe5 32. dxe5 Bf5 33. Qd4 Re7 34. Kf2 Rce8 35. g4 Bh7 36. h3 f6 37. f4 fxe5 38. Rxe5 Rxe5 39. Rxe5 Rxe5 40. Qxe5 Qd8 41. f5 Kf8 42. Ke3 Qe7 43. Kd4 Qd8 44. b4 Bg8 45. Qd6+ Qe7 46. h4 Kf7 47. Qg6+ Kf8 48. Qd6 Kf7 49. Qxe7+ Kxe7 50. Ke5 Bf7 51. Bf3 Be8 52. Be2 Bf7 53. g5 hxg5 54. hxg5 Be8 55. Bg4 Bf7 56. a4 Be8 57. f6+ gxf6+ 58. gxf6+ Kd8 59. Ke6 Bd7+ 60. Kd6 Be8 61. Be6 d4 62. f7 Bxf7 63. Bxf7 d3 64. Bh5 d2 65. Ke6 Kc7 66. a5 Kb8 67. Ke5 Ka7 68. Kd4 Kb8 69. Kd3 d1Q+ 70. Bxd1 Ka7 71. Kd4 Kb8 72. Ke5 Kc7 73. Bg4 Kb8 74. Kd6 Ka8 75. Kc7 Ka7 76. Bc8 1-0

[Event "Vila Real-ch"]
[Site "Vila Real"]
[Date "2016.10.22"]
[Round "3"]
[White "Torres Espinosa, Raul"]
[Black "Aymerich Rosell, Pablo"]
[Result "0-1"]
[WhiteElo "1732"]
[BlackElo "2148"]
[PlyCount "80"]
[EventDate "2016.10.01"]
[EventType "swiss"]
[EventRounds "7"]
[EventCountry "RUF"]
[SourceTitle "EXT 2024"]
[Source "ChessBase"]
[SourceDate "2023.10.10"]
[SourceVersion "1"]
[SourceVersionDate "2023.10.10"]
[SourceQuality "1"]

1. Nf3 f5 2. d4 Nf6 3. Nc3 d5 4. Ne5 e6 5. Bf4 Be7 6. e3 0-0 7. Bd3 c5 8. dxc5 Bxc5 9. Nb5 a6 10. Nd4 Qb6 11. Nb3 Bd6 12. Bg3 Qc7 13. Nf3 e5 14. Be2 Be6 15. 0-0 Ne4 16. Rc1 h6 17. h3 Nxg3 18. fxg3 b5 19. Nbd2 Qb6 20. Kh1 Qxe3 21. c4 d4 22. Re1 e4 23. c5 Bxg3 24. Nf1 Qf4 25. Nxg3 Qxg3 26. Qxd4 Nc6 27. Qd6 Qxd6 28. cxd6 Nb4 29. Ne5 Nxa2 30. Rcd1 Nb4 31. g4 Nc2 32. Rg1 f4 33. Ng6 Rf6 34. Ne5 f3 35. Rc1 Nb4 36. Bd1 Rd8 37. d7 Bxd7 38. Bb3+ Be6 39. g5 hxg5 40. Ng4 Bxb3 0-1